Poziční dokument o drogách, věznicích a harm reduction / [editor českého vydání Ondřej Petroš]
Record details
- ISBN: 80-86734-76-5
- Physical Description: 48 s. ; 23 cm
- Edition: 1. vyd. v jazyce českém
- Publisher: Praha : Úřad vlády České republiky, 2006
Content descriptions
| General Note: | Přeloženo z angličtiny Pod názvem: Národní monitorovací středisko pro drogy a drogové závislosti, Světová zdravotnická organizace |
| Bibliography, etc. Note: | Obsahuje bibliografii |
Search for related items by subject
| Genre: | zprávy reports |
Search for related items by series
Available copies
- 2 of 2 copies available at Common Catalog SPOK.
Holds
- 0 current holds with 2 total copies.
Show Only Available Copies
| Location | Call Number / Copy Notes | Barcode | Shelving Location | Status | Due Date |
|---|---|---|---|---|---|
| Jabok Library | SPr-3.7.3.1 | 424480022199 | Odborná literatura | Available | - |
| Jabok Library | SPr-3.7.3.1 | 424480023235 | Odborná literatura | Available | - |
| LDR | 02408nam a2200601 a 4500 | ||
|---|---|---|---|
| 001 | 9560 | ||
| 003 | CZ-PrJAB | ||
| 005 | 20171123103008.0 | ||
| 007 | ta | ||
| 008 | 051207s2006 xr e 000 0 cze | ||
| 015 | . | ‡acnb001634054 | |
| 020 | . | ‡a80-86734-76-5 ‡q(brož.) : ‡cneprodejné | |
| 035 | . | ‡a(CZ PrNK)nkc20051634054 | |
| 035 | . | ‡a(OCoLC)83978539 | |
| 040 | . | ‡aBOA001 ‡bcze ‡dABA001 | |
| 041 | 1 | . | ‡acze ‡heng |
| 043 | . | ‡ae------ | |
| 072 | 7. | ‡a614 ‡xVeřejné zdraví a hygiena ‡2Konspekt ‡914 | |
| 080 | . | ‡a613.83 ‡2MRF | |
| 080 | . | ‡a343.81 ‡2MRF | |
| 080 | . | ‡a351.761.3 ‡2MRF | |
| 080 | . | ‡a614.4 ‡2MRF | |
| 080 | . | ‡a616.98:578.828]-084 ‡2MRF | |
| 080 | . | ‡a(4) ‡2MRF | |
| 080 | . | ‡a(047) ‡2MRF | |
| 245 | 0 | 0. | ‡aPoziční dokument o drogách, věznicích a harm reduction / ‡c[editor českého vydání Ondřej Petroš] |
| 250 | . | ‡a1. vyd. v jazyce českém | |
| 260 | . | ‡aPraha : ‡bÚřad vlády České republiky, ‡c2006 | |
| 300 | . | ‡a48 s. ; ‡c23 cm | |
| 490 | 1 | . | ‡aMonografie ; ‡vno. 8 |
| 500 | . | ‡aPřeloženo z angličtiny | |
| 500 | . | ‡aPod názvem: Národní monitorovací středisko pro drogy a drogové závislosti, Světová zdravotnická organizace | |
| 504 | . | ‡aObsahuje bibliografii | |
| 650 | 0 | 7. | ‡aužívání drog ‡7ph114929 ‡zzemě Evropské unie ‡2czenas |
| 650 | 0 | 7. | ‡avěznice ‡7ph127394 ‡zzemě Evropské unie ‡2czenas |
| 650 | 0 | 7. | ‡aprotidrogová politika ‡7ph124672 ‡zzemě Evropské unie ‡2czenas |
| 650 | 0 | 7. | ‡azdravotní prevence ‡7ph127581 ‡zzemě Evropské unie ‡2czenas |
| 650 | 0 | 7. | ‡aboj proti AIDS ‡7ph137769 ‡zzemě Evropské unie ‡2czenas |
| 650 | 0 | 9. | ‡adrug abuse ‡zEuropean Union countries ‡2eczenas |
| 650 | 0 | 9. | ‡aprisons ‡zEuropean Union countries ‡2eczenas |
| 650 | 0 | 9. | ‡adrug and narcotic control ‡zEuropean Union countries ‡2eczenas |
| 650 | 0 | 9. | ‡ahealth prevention ‡zEuropean Union countries ‡2eczenas |
| 650 | 0 | 9. | ‡aAIDS control ‡zEuropean Union countries ‡2eczenas |
| 653 | 0 | . | ‡aharm reduction |
| 655 | 7. | ‡azprávy ‡7fd133875 ‡2czenas | |
| 655 | 9. | ‡areports ‡2eczenas | |
| 700 | 1 | . | ‡aPetroš, Ondřej ‡7xx0032521 ‡4edt |
| 710 | 1 | . | ‡aČesko. ‡bNárodní monitorovací středisko pro drogy a drogové závislosti ‡7xx0009671 |
| 710 | 2 | . | ‡aSvětová zdravotnická organizace ‡7kn20010711442 |
| 765 | 0 | . | ‡tStatus paper on prison, drugs and harm reduction ‡9Česky |
| 830 | 0. | ‡aMonografie (Úřad vlády České republiky) | |
| 910 | . | ‡aABG312 | |
| 901 | . | ‡a9560 ‡bUnknown ‡c9560 ‡tbiblio | |